Interpretacin̤ y aplicacin̤ del derecho

Bibliographic Details
Main Author: Grau, Eros
Format: Unknown
Language:Spanish
Published: Madrid : Dykinson, [2007]
Subjects:
Online Access:Acceso restringido

MARC

LEADER 00000ny a22000003n 4500
003 CaPaEBR
005 20110623133530.0
006 m u
007 cr cn|||||||||
008 200807r2007 sp |||||s|||||||||||spa d
020 |a 9788498490053 
035 |a 2432 
040 |a FlNmELB  |c FlNmELB  |d vlex 
050 1 4 |a K561  |b G774 2007eb 
080 |a 340.12 
090 |c 1213  |d 1213 
100 1 |a Grau, Eros 
245 1 0 |a Interpretacin̤ y aplicacin̤ del derecho  |h [Recurso electrn̤ico]  |c Eros Grau 
256 |a Servicio en ln̕ea 
260 |a Madrid :  |b Dykinson,  |c [2007] 
300 |a 8-274 p 
506 1 |a Contenido solo disponible en los productos indicados  |d vLex Global  |d vLex Global (Academic Edition, excluding Law Schools)  |d vLex Global (U.S. Academic Edition, Law Schools)  |d vLex Global (U.S. Academic Edition, excluding Law Schools)  |d vLex Global (Academic Edition, Law Schools) 
650 0 7 |2 Tesauro vLex  |a Filosofa̕ del derecho 
650 0 7 |2 Tesauro vLex  |a Interpretacin̤ del derecho 
740 0 |a vLex Libros (Servicios en ln̕ea) 
856 4 0 |z Acceso restringido  |u http://vlex.com/source/2432 
942 |c BOOK